000 00810nam a2200205 a 4500
001 000238592
003 AM-YeHGA
005 20250618071614.0
008 030623s1910 tu 000 | arm d
040 _aAM-YeHGA
100 1 _aԴյումա, Ալեքսանդր (հայր),
_d1802-1870
_940
245 1 0 _aԵրեք հրացանակիրները :
_b[Վեպ] /
_cԱ. Տիւմա; Թարգմ.՝ Հրայր.
260 _aԿ. Պոլիս :
_bտպ. Մանզումէ,
_c1910.
300 _aՀ. ;
_c20 սմ.
505 0 0 _gՀ. 1 (1910, 184 էջ) :
_gՀ. 2 (1910, 185-362 էջ) :
_gՀ. 3 (1910, 363-535 էջ) :
_gՀ. 4 (1910, 536-728 էջ) :
_gՀ. 5 (1910,729-958 էջ)
650 1 4 _aՖրանսիական գրականություն
_xՎեպ
700 0 _aՀրայր
_eթարգմ.
_4trl
942 _2udc
_cBK
090 _c85719
999 _c84442
_d84442